<?xml version="1.0" encoding="UTF-8"?>
<record
    xmlns:xsi="http://www.w3.org/2001/XMLSchema-instance"
    xsi:schemaLocation="http://www.loc.gov/MARC21/slim http://www.loc.gov/standards/marcxml/schema/MARC21slim.xsd"
    xmlns="http://www.loc.gov/MARC21/slim">

  <leader>01760nam a2200265Ia 4500</leader>
  <datafield tag="952" ind1=" " ind2=" ">
    <subfield code="0">0</subfield>
    <subfield code="1">0</subfield>
    <subfield code="4">0</subfield>
    <subfield code="7">0</subfield>
    <subfield code="a">04</subfield>
    <subfield code="b">04</subfield>
    <subfield code="d">2012-01-18</subfield>
    <subfield code="l">6</subfield>
    <subfield code="o">LC3965  E38 2002</subfield>
    <subfield code="p">04 003885</subfield>
    <subfield code="r">2015-02-17</subfield>
    <subfield code="s">2015-01-26</subfield>
    <subfield code="t">1</subfield>
    <subfield code="w">2012-06-24</subfield>
    <subfield code="y">LB</subfield>
  </datafield>
  <datafield tag="952" ind1=" " ind2=" ">
    <subfield code="0">0</subfield>
    <subfield code="1">0</subfield>
    <subfield code="4">0</subfield>
    <subfield code="7">0</subfield>
    <subfield code="a">04</subfield>
    <subfield code="b">04</subfield>
    <subfield code="d">2012-01-18</subfield>
    <subfield code="l">20</subfield>
    <subfield code="m">1</subfield>
    <subfield code="o">LC3965  E38 2002</subfield>
    <subfield code="p">04 003886</subfield>
    <subfield code="r">2019-10-17</subfield>
    <subfield code="s">2019-10-17</subfield>
    <subfield code="t">2</subfield>
    <subfield code="w">2012-06-24</subfield>
    <subfield code="y">LB</subfield>
  </datafield>
  <datafield tag="952" ind1=" " ind2=" ">
    <subfield code="0">0</subfield>
    <subfield code="1">0</subfield>
    <subfield code="4">0</subfield>
    <subfield code="7">0</subfield>
    <subfield code="a">04</subfield>
    <subfield code="b">04</subfield>
    <subfield code="d">2014-12-05</subfield>
    <subfield code="l">13</subfield>
    <subfield code="m">1</subfield>
    <subfield code="o">LC3965 E38 2002</subfield>
    <subfield code="p">04 004683</subfield>
    <subfield code="r">2025-05-20</subfield>
    <subfield code="s">2020-02-18</subfield>
    <subfield code="t">3</subfield>
    <subfield code="w">2014-12-05</subfield>
    <subfield code="y">LB</subfield>
  </datafield>
  <datafield tag="952" ind1=" " ind2=" ">
    <subfield code="0">0</subfield>
    <subfield code="1">0</subfield>
    <subfield code="2">lcc</subfield>
    <subfield code="4">0</subfield>
    <subfield code="7">0</subfield>
    <subfield code="a">13</subfield>
    <subfield code="b">13</subfield>
    <subfield code="d">2017-04-28</subfield>
    <subfield code="l">3</subfield>
    <subfield code="o">LC3965 E38 2002</subfield>
    <subfield code="p">13 004550</subfield>
    <subfield code="r">2017-11-09</subfield>
    <subfield code="s">2017-11-08</subfield>
    <subfield code="t">1</subfield>
    <subfield code="w">2017-04-28</subfield>
    <subfield code="y">LB</subfield>
  </datafield>
  <datafield tag="999" ind1=" " ind2=" ">
    <subfield code="c">63052</subfield>
    <subfield code="d">63052</subfield>
  </datafield>
  <controlfield tag="008">120625s2002    sp            000 0 spa d</controlfield>
  <datafield tag="020" ind1=" " ind2=" ">
    <subfield code="a">9788420535487</subfield>
  </datafield>
  <datafield tag="050" ind1="0" ind2="4">
    <subfield code="a">LC3965</subfield>
    <subfield code="b">E38</subfield>
  </datafield>
  <datafield tag="245" ind1="1" ind2="0">
    <subfield code="a">Educaci&#xF3;n especial</subfield>
    <subfield code="b">: &#xE1;reas curriculares para alumnos con necesidades educativas especiales </subfield>
    <subfield code="c">/ Rosal&#xED;a E. Aranda Redruello, coordinadora</subfield>
  </datafield>
  <datafield tag="260" ind1="3" ind2=" ">
    <subfield code="a">Espa&#xF1;a </subfield>
    <subfield code="b">: Madrid : Pearson Prentice Hall</subfield>
    <subfield code="c">,2002</subfield>
  </datafield>
  <datafield tag="300" ind1=" " ind2=" ">
    <subfield code="a">243 p&#xE1;ginas</subfield>
  </datafield>
  <datafield tag="500" ind1=" " ind2=" ">
    <subfield code="a">Incluye:
Bibliograf&#xED;a al final de cada cap&#xED;tulo
Anexos</subfield>
  </datafield>
  <datafield tag="505" ind1="1" ind2=" ">
    <subfield code="a">&#xC1;reas curriculares para alumnos con necesidades educativas especiales (n.e.e.) y dificultades de aprendizaje 
&#xC1;rea del medio f&#xED;sico-social 
&#xC1;rea del lenguaje 
&#xC1;rea de matem&#xE1;ticas para alumnos con necesidades educativas especiales y dificultades de aprendizaje 
&#xC1;rea de educaci&#xF3;n f&#xED;sica
&#xC1;rea de m&#xFA;sica para alumnos con necesidades educativas especiales. Pautas para la educaci&#xF3;n infantil y primaria
&#xC1;rea de pl&#xE1;tica
Nueva tecnolog&#xED;a y discapacidad</subfield>
  </datafield>
  <datafield tag="519" ind1=" " ind2=" ">
    <subfield code="a">Plan Flexible / </subfield>
    <subfield code="b">Pedagog&#xED;a / </subfield>
    <subfield code="c">Sistemas de Educaci&#xF3;n Especial II (P07-1) / </subfield>
    <subfield code="d">(13 004550)</subfield>
  </datafield>
  <datafield tag="519" ind1=" " ind2=" ">
    <subfield code="a">Plan Flexible /</subfield>
    <subfield code="b">Pedagog&#xED;a /</subfield>
    <subfield code="c">Sistemas De Educaci&#xF3;n Especial II (P07) /</subfield>
    <subfield code="d">(04 003886)</subfield>
  </datafield>
  <datafield tag="519" ind1=" " ind2=" ">
    <subfield code="a">Plan Flexible /</subfield>
    <subfield code="b">Pedagog&#xED;a /</subfield>
    <subfield code="c">Sistemas De Educaci&#xF3;n Especial I P06 /</subfield>
    <subfield code="d">(04 004683)</subfield>
  </datafield>
  <datafield tag="519" ind1=" " ind2=" ">
    <subfield code="a">Plan Flexible /</subfield>
    <subfield code="b">Psicolog&#xED;a /</subfield>
    <subfield code="c">Educaci&#xF3;n Especial I (P14 - L2) /</subfield>
    <subfield code="d">(04 003885)</subfield>
  </datafield>
  <datafield tag="650" ind1="1" ind2="0">
    <subfield code="a">EDUCACI&#xD3;N ESPECIAL</subfield>
  </datafield>
  <datafield tag="650" ind1="1" ind2="0">
    <subfield code="a">EDUCACI&#xD3;N</subfield>
    <subfield code="x">CURR&#xCD;CULA</subfield>
    <subfield code="x">PLANIFICACI&#xD3;N</subfield>
  </datafield>
  <datafield tag="700" ind1=" " ind2=" ">
    <subfield code="a">Alvarez S&#xE1;nchez, Mercedes</subfield>
    <subfield code="e">autor</subfield>
  </datafield>
  <datafield tag="700" ind1=" " ind2=" ">
    <subfield code="a">Espinosa Bayal, Ma. &#xC1;ngeles</subfield>
    <subfield code="e">autor</subfield>
  </datafield>
  <datafield tag="700" ind1=" " ind2=" ">
    <subfield code="a">Garc&#xED;a Manj&#xF3;n, Ma. Elena</subfield>
    <subfield code="e">autor</subfield>
  </datafield>
  <datafield tag="942" ind1=" " ind2=" ">
    <subfield code="2">lcc</subfield>
    <subfield code="c">LB</subfield>
  </datafield>
</record>
